00740nam a22002177a 450000500170000001000150001702000270003203500130005903700130007208200120008510000250009724500600012226000390018227000450022130000300026650000400029670000160033694200260035299900170037895201270039520130829110429.0 aENG-108136 a9788184247640c1350.00 aEN-91669 bDBAD/PUB a622.338 aMitra, Niladri Kumar aPrinciples of artificial lift /cby Niladri Kumar Mitra aNew DelhibAllied Publishersc2012 bNew Delhie110002a1/13-14 Asaf Ali Road ax,454p. :c24cm(Hb)bill. aIncludes bibliographical references aAdesh Kumar 2ddccENmMITh622.338 c78008d78008 001040718NFICaDBADbDBADd2013-07-24eDBAD/PUBg1350.00l0o622.338 MITpEN-91669r2013-07-24 00:00:00t1v1350.00yEN